[Event "Verbandsliga Sued Baden 1011"]
[Site "Baden"]
[Date "2011.04.17"]
[Round "9.5"]
[White "Neininger, Ralph"]
[Black "Zenkic, Mensur"]
[Result "0-1"]
[WhiteElo "2127"]
[BlackElo "2023"]
[PlyCount "76"]
[EventDate "2010.10.17"]
[EventType "team-tourn"]
[EventRounds "9"]
[EventCountry "GER"]
[SourceTitle "EXT 2012"]
[Source "ChessBase"]
[SourceDate "2011.11.24"]
[SourceVersion "1"]
[SourceVersionDate "2011.11.24"]
[SourceQuality "1"]
[WhiteTeam "Zaehringen"]
[BlackTeam "Horben"]
[WhiteTeamCountry "GER"]
[BlackTeamCountry "GER"]

1. Nf3 Nf6 2. c4 g6 3. Nc3 Bg7 4. e4 d6 5. d4 0-0 6. Be2 Bg4 7. 0-0 Nfd7 8. Be3 Bxf3 9. Bxf3 Nc6 10. Ne2 a5 11. Qd2 e5 12. Rad1 a4 13. g3 Nb6 14. b3 axb3 15. axb3 Ra3 16. d5 Nd4 17. Bxd4 exd4 18. Qb4 Ra2 19. Nxd4 Bxd4 20. Rxd4 Qf6 21. Rd3 Nd7 22. Re3 b6 23. Qc3 Qxc3 24. Rxc3 Rfa8 25. Re1 Rb2 26. Re2 Rb1+ 27. Kg2 Ra3 28. Ree3 h5 29. Be2 f6 30. f4 Rb2 31. Kf3 Raa2 32. Rc1 Kf7 33. h3 Nc5 34. Rcc3 f5 35. e5 Ne4 36. Rcd3 Ra1 37. e6+ Ke7 38. g4 Rg1 0-1

[Event "Verbandsliga Sued Baden 1011"]
[Site "Baden"]
[Date "2010.12.12"]
[Round "4.8"]
[White "Zenkic, Mensur"]
[Black "Merklinger, Markus"]
[Result "1/2-1/2"]
[WhiteElo "2023"]
[BlackElo "2127"]
[PlyCount "104"]
[EventDate "2010.10.17"]
[EventType "team-tourn"]
[EventRounds "9"]
[EventCountry "GER"]
[SourceTitle "EXT 2012"]
[Source "ChessBase"]
[SourceDate "2011.11.24"]
[SourceVersion "1"]
[SourceVersionDate "2011.11.24"]
[SourceQuality "1"]
[WhiteTeam "Horben"]
[BlackTeam "Kuppenheim"]
[WhiteTeamCountry "GER"]
[BlackTeamCountry "GER"]

1. e4 c5 2. Nf3 Nc6 3. Nc3 e5 4. Bc4 d6 5. d3 Be7 6. Nd5 Nf6 7. Nxe7 Qxe7 8. c3 h6 9. a3 0-0 10. 0-0 a6 11. b4 b5 12. Bd5 Bb7 13. bxc5 dxc5 14. c4 Nxd5 15. exd5 Nd4 16. Re1 Nxf3+ 17. Qxf3 bxc4 18. dxc4 Qd6 19. Rb1 Bc8 20. Qc3 Qg6 21. Rb2 f6 22. Rb6 Bf5 23. a4 Rfb8 24. a5 Rxb6 25. axb6 Rb8 26. Ba3 Rxb6 27. Bxc5 Rb8 28. Bd6 Rd8 29. Bc7 Rc8 30. d6 Be4 31. f3 Bc6 32. Qa5 Bxf3 33. Qa2 Bc6 34. Rd1 Qe4 35. Bb6 Bd7 36. c5+ Kh7 37. Qxa6 Ra8 38. Qd3 Qxd3 39. Rxd3 Rc8 40. Kf2 Kg6 41. Ra3 Kf5 42. Bc7 Ke6 43. Rg3 Rg8 44. Ra3 Bc6 45. Ra6 Kd7 46. g3 Ra8 47. Rxa8 Bxa8 48. Ke3 Ke6 49. Ba5 Bc6 50. Bb4 f5 51. h4 g5 52. h5 f4+ 1/2-1/2

[Event "Verbandsliga Sued Baden 1011"]
[Site "Baden"]
[Date "2010.11.21"]
[Round "3.6"]
[White "Schmidt, Maurin"]
[Black "Zenkic, Mensur"]
[Result "1/2-1/2"]
[WhiteElo "1868"]
[BlackElo "2023"]
[PlyCount "75"]
[EventDate "2010.10.17"]
[EventType "team-tourn"]
[EventRounds "9"]
[EventCountry "GER"]
[SourceTitle "EXT 2012"]
[Source "ChessBase"]
[SourceDate "2011.11.24"]
[SourceVersion "1"]
[SourceVersionDate "2011.11.24"]
[SourceQuality "1"]
[WhiteTeam "Gottmadingen"]
[BlackTeam "Horben"]
[WhiteTeamCountry "GER"]
[BlackTeamCountry "GER"]

1. d4 Nf6 2. c4 d6 3. Nf3 g6 4. Nc3 Bg7 5. e4 0-0 6. h3 c5 7. d5 b5 8. cxb5 a6 9. a4 axb5 10. Bxb5 e6 11. dxe6 fxe6 12. e5 dxe5 13. Qxd8 Rxd8 14. Nxe5 Nd5 15. Nxd5 exd5 16. Nf3 Ba6 17. Ra3 Bxb5 18. axb5 Nd7 19. Kd1 Rdb8 20. Ra6 Rxa6 21. bxa6 Ra8 22. Re1 Rxa6 23. Re7 Nf8 24. Kc2 Re6 25. Bg5 h6 26. Bh4 g5 27. Rxe6 Nxe6 28. Bg3 Kf7 29. Ne5+ Bxe5 30. Bxe5 c4 31. b3 cxb3+ 32. Kxb3 Nc5+ 33. Kc2 Ke6 34. Bg7 h5 35. Bd4 Ne4 36. Kd3 g4 37. hxg4 hxg4 38. f3 1/2-1/2

[Event "Verbandsliga Sued Baden 1011"]
[Site "Baden"]
[Date "2010.10.31"]
[Round "2.7"]
[White "Engel, Maik"]
[Black "Zenkic, Mensur"]
[Result "0-1"]
[WhiteElo "1944"]
[BlackElo "2023"]
[PlyCount "68"]
[EventDate "2010.10.17"]
[EventType "team-tourn"]
[EventRounds "9"]
[EventCountry "GER"]
[SourceTitle "EXT 2012"]
[Source "ChessBase"]
[SourceDate "2011.11.24"]
[SourceVersion "1"]
[SourceVersionDate "2011.11.24"]
[SourceQuality "1"]
[WhiteTeam "Dreilaendereck"]
[BlackTeam "Horben"]
[WhiteTeamCountry "GER"]
[BlackTeamCountry "GER"]

1. d4 Nf6 2. Nf3 d6 3. Nc3 Bf5 4. Bf4 h6 5. Qd2 c6 6. e3 Nbd7 7. Bd3 Bxd3 8. cxd3 Nh5 9. e4 Nxf4 10. Qxf4 Qb6 11. 0-0-0 g5 12. Qe3 g4 13. Nd2 Bg7 14. e5 dxe5 15. Nc4 Qxd4 16. Qg3 Qf4+ 17. Qxf4 exf4 18. Rhe1 Kd8 19. Ne2 h5 20. Nxf4 Bh6 21. g3 a5 22. Kc2 b5 23. Ne5 Nxe5 24. Rxe5 Bxf4 25. gxf4 f6 26. Re6 Kd7 27. Rde1 Rh7 28. d4 h4 29. Kd3 Rg8 30. d5 cxd5 31. Kd4 Rc8 32. Kxd5 Rc2 33. R1e2 Rh5+ 34. Kd4 Rc4+ 0-1

[Event "Verbandsliga Sued Baden 0910"]
[Site "Germany"]
[Date "2009.12.13"]
[Round "4.4"]
[White "Zenkic, Mensur"]
[Black "Adler, Heiko"]
[Result "0-1"]
[WhiteElo "2026"]
[BlackElo "2064"]
[PlyCount "62"]
[EventDate "2009.10.11"]
[EventType "team-tourn"]
[EventRounds "9"]
[EventCountry "GER"]
[SourceTitle "EXT 2011"]
[Source "ChessBase"]
[SourceDate "2010.11.26"]
[SourceVersion "1"]
[SourceVersionDate "2010.11.26"]
[SourceQuality "1"]
[WhiteTeam "Horben"]
[BlackTeam "Oberwinden"]
[WhiteTeamCountry "GER"]
[BlackTeamCountry "GER"]

1. Nf3 d5 2. e3 Nf6 3. d4 e6 4. c4 c6 5. Nc3 Nbd7 6. Bd2 Bd6 7. c5 Bc7 8. Be2 0-0 9. b4 Re8 10. 0-0 e5 11. a4 e4 12. Ne1 Nf8 13. f4 exf3 14. Bxf3 Ne4 15. g3 Qg5 16. Nxe4 dxe4 17. Bg2 h5 18. Rf4 Bxf4 19. exf4 Qd5 20. Be3 Bg4 21. Qc2 Rad8 22. h3 Bf3 23. Bf1 Ne6 24. Bc4 Nxd4 25. Bxd5 Nxc2 26. Bxf7+ Kxf7 27. Nxc2 Rd3 28. Kf2 Red8 29. Na3 Rc3 30. Ra2 Rdd3 31. Nc2 Bd1 0-1

[Event "Verbandsliga Sued Baden 0910"]
[Site "Germany"]
[Date "2009.11.22"]
[Round "3.4"]
[White "Kick, Joachim"]
[Black "Zenkic, Mensur"]
[Result "1/2-1/2"]
[WhiteElo "2207"]
[BlackElo "2026"]
[PlyCount "103"]
[EventDate "2009.10.11"]
[EventType "team-tourn"]
[EventRounds "9"]
[EventCountry "GER"]
[SourceTitle "EXT 2011"]
[Source "ChessBase"]
[SourceDate "2010.11.26"]
[SourceVersion "1"]
[SourceVersionDate "2010.11.26"]
[SourceQuality "1"]
[WhiteTeam "Kuppenheim"]
[BlackTeam "Horben"]
[WhiteTeamCountry "GER"]
[BlackTeamCountry "GER"]

1. Nf3 Nf6 2. c4 g6 3. g3 Bg7 4. Bg2 0-0 5. 0-0 c5 6. d4 cxd4 7. Nxd4 Nc6 8. Nc3 Qb6 9. Nc2 e6 10. Be3 Qxb2 11. Nb5 Ne8 12. Bc5 d6 13. Nxd6 Nxd6 14. Bxd6 Rd8 15. c5 a5 16. Ne3 Nd4 17. Nc4 Qxe2 18. Nb6 Ra7 19. Re1 Qc2 20. a4 Bd7 21. Nxd7 Rxd7 22. Rc1 Qxd1 23. Rcxd1 Nc6 24. Bf4 Bd4 25. Bd6 Bc3 26. Re3 Bf6 27. Red3 Ra8 28. Bf4 Rxd3 29. Rxd3 Rd8 30. Rxd8+ Bxd8 31. Bd6 f6 32. f4 Kf7 33. Kf2 Ke8 34. Ke3 Kd7 35. Kd3 b6 36. Kc4 bxc5 37. Bxc5 Bc7 38. Kb5 Ne7 39. Bxe7 Kxe7 40. Kc6 Bd6 41. Be4 f5 42. Bc2 Bb4 43. Kb5 Kf6 44. Kc4 e5 45. fxe5+ Kxe5 46. Kd3 Bc5 47. Ke2 Bg1 48. h3 h6 49. Kf3 g5 50. Bb3 Bc5 51. Bf7 Bd6 52. Be8 1/2-1/2

[Event "Oberliga Baden 0809"]
[Site "Germany"]
[Date "2009.03.01"]
[Round "7.8"]
[White "Mathonia, Claude"]
[Black "Zenkic, Mensur"]
[Result "1/2-1/2"]
[WhiteElo "2211"]
[BlackElo "2035"]
[PlyCount "78"]
[EventDate "2008.10.05"]
[EventType "team-tourn"]
[EventRounds "9"]
[EventCountry "GER"]
[SourceTitle "EXT 2010"]
[Source "ChessBase"]
[SourceDate "2010.11.25"]
[SourceVersion "1"]
[SourceVersionDate "2010.11.25"]
[SourceQuality "1"]
[WhiteTeam "Zaehringen"]
[BlackTeam "Horben"]
[WhiteTeamCountry "GER"]
[BlackTeamCountry "GER"]

1. d4 Nf6 2. c4 d6 3. Nf3 g6 4. Nc3 Bg7 5. e4 0-0 6. Be2 Bg4 7. h3 Bxf3 8. Bxf3 Nfd7 9. 0-0 Nc6 10. Be3 e5 11. dxe5 dxe5 12. Ne2 Nb6 13. Qc1 Nd4 14. Nxd4 exd4 15. Bf4 c5 16. e5 Qe7 17. Re1 Rfe8 18. b3 h5 19. Qd2 a5 20. a4 Ra7 21. Re4 Nd7 22. e6 fxe6 23. Rxe6 Qf7 24. Rxe8+ Qxe8 25. Re1 Qf8 26. Re6 Ra6 27. Rxa6 bxa6 28. Bc7 Qf5 29. Bxa5 Ne5 30. Bd5+ Kh7 31. Qe1 Bh6 32. Qe4 Qg5 33. f4 Qxf4 34. Qxf4 Bxf4 35. Bb6 Nd3 36. Be4 Nc1 37. Bxc5 Be3+ 38. Kf1 Nxb3 39. Bb4 a5 1/2-1/2

[Event "Zuerich op-B 31st"]
[Site "Zuerich"]
[Date "2008.??.??"]
[Round "7"]
[White "Zenkic, Mensur"]
[Black "Gabersek, Albert"]
[Result "1/2-1/2"]
[WhiteElo "1977"]
[BlackElo "2011"]
[PlyCount "152"]
[EventDate "2007.12.26"]
[EventType "swiss"]
[EventRounds "7"]
[EventCountry "SUI"]
[SourceTitle "EXT 2019"]
[Source "ChessBase"]
[SourceDate "2018.10.10"]
[SourceVersion "1"]
[SourceVersionDate "2018.10.10"]
[SourceQuality "1"]

1. e4 c5 2. Ne2 e6 3. c3 d5 4. exd5 exd5 5. d4 Nc6 6. Be3 Qb6 7. dxc5 Bxc5 8. Bxc5 Qxc5 9. Nd2 Nf6 10. Ng3 0-0 11. Be2 Be6 12. 0-0 Rfd8 13. Qa4 d4 14. Bf3 Ne5 15. Nde4 Nxe4 16. Bxe4 dxc3 17. bxc3 Rab8 18. Rad1 Bc4 19. Rfe1 b5 20. Qc2 g6 21. h4 h5 22. Rd2 Qe7 23. Rd4 Rxd4 24. cxd4 Nd3 25. Re3 Nb4 26. Qd2 Qd6 27. a3 Nd5 28. Bxd5 Bxd5 29. Re5 Rd8 30. Qh6 f5 31. Qg5 Kf8 32. Qh6+ Kg8 33. Qg5 Kf8 34. Qh6+ Kg8 35. Ne2 a6 36. g4 fxg4 37. Nf4 Bf7 38. Nxh5 Qxe5 39. dxe5 Rd1+ 40. Kh2 gxh5 41. e6 g3+ 42. fxg3 Be8 43. e7 Rf1 44. Qe6+ Kg7 45. Qe5+ Kg8 46. g4 hxg4 47. h5 Rf3 48. Qe6+ Rf7 49. Kg3 Kh8 50. h6 a5 51. Kxg4 b4 52. axb4 axb4 53. Kg5 b3 54. Qxb3 Rxe7 55. Kf6 Rf7+ 56. Ke6 Kh7 57. Qb8 Rf8 58. Qc7+ Kxh6 59. Qe7 Rg8 60. Kf6 Rg6+ 61. Kf5 Rg8 62. Qh4+ Bh5 63. Qf4+ Kh7 64. Qd6 Rg7 65. Qd2 Rg6 66. Qh2 Kh6 67. Qf4+ Kh7 68. Qh4 Kh6 69. Qe7 Rg7 70. Qh4 Rg6 71. Qd4 Kh7 72. Qe4 Bg4+ 73. Kf4 Be6 74. Qe1 Kg7 75. Ke5 Bf7 76. Qc3 Kh7 1/2-1/2

[Event "Oberliga Baden 0708"]
[Site "Germany"]
[Date "2007.12.09"]
[Round "4.8"]
[White "Dekan, Hans"]
[Black "Zenkic, Mensur"]
[Result "1-0"]
[WhiteElo "2202"]
[BlackElo "2060"]
[PlyCount "101"]
[EventDate "2007.10.21"]
[EventType "team-tourn"]
[EventRounds "9"]
[EventCountry "GER"]
[SourceTitle "EXT 2009"]
[Source "ChessBase"]
[SourceDate "2008.11.26"]
[SourceVersion "1"]
[SourceVersionDate "2008.11.26"]
[SourceQuality "1"]
[WhiteTeam "Eppingen II"]
[BlackTeam "Horben"]
[WhiteTeamCountry "GER"]
[BlackTeamCountry "GER"]

1. e4 e5 2. Nf3 Nc6 3. Bb5 a6 4. Ba4 Nf6 5. 0-0 b5 6. Bb3 Bd6 7. Re1 Bb7 8. c3 0-0 9. d3 h6 10. Nbd2 Re8 11. Nf1 Bf8 12. Ne3 Na5 13. Bc2 d5 14. exd5 Nxd5 15. Nxd5 Bxd5 16. b4 Nc6 17. a4 Qf6 18. Nd2 Qg6 19. Ne4 Rad8 20. axb5 axb5 21. Qe2 f5 22. Ng3 Bxb4 23. cxb4 Nd4 24. Qd1 h5 25. h4 f4 26. Ne4 f3 27. Bg5 Bxe4 28. Rxe4 Ne2+ 29. Kh2 Rd4 30. Bb3+ Kh8 31. Rxd4 exd4 32. g3 Qf5 33. Qd2 Rf8 34. Ra6 Nxg3 35. Qf4 Nf1+ 36. Kg1 Qc8 37. Qe5 Qxa6 38. Kxf1 Qa1+ 39. Qe1 Qa8 40. Be7 Re8 41. Bf7 Qc8 42. Qe5 Qg4 43. Bxe8 Qg2+ 44. Ke1 Qg1+ 45. Kd2 Qxf2+ 46. Kd1 Qf1+ 47. Kc2 Qg2+ 48. Kb3 Qg4 49. Qxh5+ Qxh5 50. Bxh5 f2 51. Be2 1-0

[Event "Oberliga Baden 0708"]
[Site "Germany"]
[Date "2007.11.24"]
[Round "3.8"]
[White "Zenkic, Mensur"]
[Black "Bischoff, Matthias"]
[Result "1/2-1/2"]
[WhiteElo "2060"]
[BlackElo "1996"]
[PlyCount "70"]
[EventDate "2007.10.21"]
[EventType "team-tourn"]
[EventRounds "9"]
[EventCountry "GER"]
[SourceTitle "EXT 2009"]
[Source "ChessBase"]
[SourceDate "2008.11.26"]
[SourceVersion "1"]
[SourceVersionDate "2008.11.26"]
[SourceQuality "1"]
[WhiteTeam "Horben"]
[BlackTeam "Neuhausen"]
[WhiteTeamCountry "GER"]
[BlackTeamCountry "GER"]

1. e4 e5 2. Nf3 d6 3. Nc3 Nf6 4. d4 exd4 5. Nxd4 Be7 6. Be2 0-0 7. 0-0 c6 8. a4 a5 9. Re1 Na6 10. Bf3 Re8 11. h3 h6 12. Nce2 d5 13. e5 Nh7 14. Nf4 Ng5 15. e6 fxe6 16. Bh5 Rf8 17. Ng6 Rf6 18. Bxg5 hxg5 19. Qd2 Nc5 20. f3 Bd6 21. Ne5 Qb6 22. c3 Nb3 23. Qxg5 Nxa1 24. Ng4 Be7 25. Nxf6+ Bxf6 26. Qg6 Bd7 27. Qf7+ Kh8 28. Qxd7 e5 29. Kh2 Qxb2 30. Bg6 Qxc3 31. Rd1 exd4 32. Qf5 Rd8 33. Qh5+ Kg8 34. Be8 Rxe8 35. Qxe8+ Kh7 1/2-1/2

[Event "Verbandsliga Sued Baden 0607"]
[Site "Germany"]
[Date "2007.02.11"]
[Round "6.7"]
[White "Wernet, Andreas"]
[Black "Zenkic, Mensur"]
[Result "0-1"]
[WhiteElo "1871"]
[BlackElo "1957"]
[PlyCount "118"]
[EventDate "2006.10.22"]
[EventType "team"]
[EventRounds "9"]
[EventCountry "GER"]
[SourceTitle "EXT 2008"]
[Source "ChessBase"]
[SourceDate "2007.11.25"]
[SourceVersion "1"]
[SourceVersionDate "2007.11.25"]
[SourceQuality "1"]
[WhiteTeam "Oberwinden"]
[BlackTeam "Horben"]
[WhiteTeamCountry "GER"]
[BlackTeamCountry "GER"]

1. e4 e5 2. Nc3 Nf6 3. f4 d5 4. fxe5 Nxe4 5. Qf3 Nxc3 6. bxc3 Be6 7. d4 Nd7 8. Nh3 Nb6 9. Bd3 Qd7 10. Ng5 Bg4 11. Qf2 h6 12. Nf3 Be7 13. 0-0 Be6 14. Nh4 g6 15. Nxg6 fxg6 16. Bxg6+ Kd8 17. Qe2 c6 18. Bf7 Kc7 19. Qh5 Raf8 20. a4 Nc4 21. Bxe6 Rxf1+ 22. Kxf1 Qxe6 23. Kg1 Rg8 24. g3 Qg6 25. Qxh6 Qxc2 26. Bf4 Qxc3 27. Rd1 Qc2 28. Rc1 Qf5 29. Rf1 Rg6 30. Qh8 Qe6 31. Qa8 a5 32. Rb1 Bb4 33. Rf1 Rg8 34. Qa7 Nb6 35. Bh6 Nc8 36. Qa8 Qxh6 37. Rf7+ Be7 38. Qxa5+ Kd7 39. Qe1 Rf8 40. Rxf8 Bxf8 41. a5 c5 42. Qb1 Kc7 43. Qd3 Qc1+ 44. Kg2 Qb2+ 45. Kh3 Qxd4 46. Qh7+ Be7 47. Qf5 c4 48. e6 Nd6 49. Qb1 c3 50. Qc2 Qd2 51. Qa4 Qh6+ 52. Kg2 Qxe6 53. Qb3 Qe4+ 54. Kh3 Qc4 55. Qb6+ Kb8 56. Qe3 Ne4 57. Qf4+ Bd6 58. Qh4 c2 59. Qd8+ Qc8+ 0-1

[Event "Basel Hilton op 08th"]
[Site "Basel"]
[Date "2006.01.07"]
[Round "7"]
[White "Zenkic, Mensur"]
[Black "Furrer, Marc"]
[Result "0-1"]
[WhiteElo "2072"]
[BlackElo "2163"]
[PlyCount "94"]
[EventDate "2006.01.01"]
[EventType "swiss"]
[EventRounds "7"]
[EventCountry "SUI"]
[SourceTitle "CBM 110 Extra"]
[Source "ChessBase"]
[SourceDate "2006.03.10"]
[SourceVersion "2"]
[SourceVersionDate "2006.03.10"]
[SourceQuality "1"]

1. e4 d5 2. exd5 Qxd5 3. Nc3 Qa5 4. Nf3 Nf6 5. Bc4 Nc6 6. d3 Bg4 7. h3 Qh5 8. Bf4 Nd4 9. hxg4 Qxh1+ 10. Kd2 Qxd1+ 11. Rxd1 Nxf3+ 12. gxf3 c6 13. g5 Nd7 14. Rh1 g6 15. Ne4 Bg7 16. Bb3 Ne5 17. Ke2 Rd8 18. Be3 b6 19. f4 Nd7 20. c3 h5 21. d4 Nb8 22. f5 gxf5 23. Ng3 e6 24. g6 fxg6 25. Bxe6 h4 26. Nf1 Ke7 27. Bc4 Kf6 28. Bf4 g5 29. Bd2 Rde8+ 30. Kd1 h3 31. Nh2 g4 32. Bf4 Bh6 33. Bd6 Re4 34. f3 Bf4 35. Bxb8 Bxb8 36. fxe4 Bxh2 37. e5+ Ke7 38. Ke2 g3 39. Rd1 g2 40. Kf2 Rh4 41. d5 Rf4+ 42. Ke3 g1Q+ 43. Rxg1 Bxg1+ 44. Kxf4 h2 45. d6+ Kd7 46. Kxf5 h1Q 47. Be6+ Kd8 0-1

[Event "Basel Hilton op 08th"]
[Site "Basel"]
[Date "2006.01.03"]
[Round "3"]
[White "Heimann, Andreas"]
[Black "Zenkic, Mensur"]
[Result "1-0"]
[WhiteElo "2116"]
[BlackElo "2072"]
[PlyCount "79"]
[EventDate "2006.01.01"]
[EventType "swiss"]
[EventRounds "7"]
[EventCountry "SUI"]
[SourceTitle "CBM 110 Extra"]
[Source "ChessBase"]
[SourceDate "2006.03.10"]
[SourceVersion "2"]
[SourceVersionDate "2006.03.10"]
[SourceQuality "1"]

1. e4 e5 2. Nf3 Nc6 3. Bc4 Bc5 4. b4 Bb6 5. a4 a6 6. Nc3 Nf6 7. d4 Bxd4 8. Nxd4 Nxd4 9. 0-0 d6 10. f4 Be6 11. Bxe6 Nxe6 12. f5 Nf8 13. g4 h6 14. h4 h5 15. g5 Ng4 16. a5 Qd7 17. Nd5 Qc6 18. Qd3 Rc8 19. Ra3 Qb5 20. c4 Qd7 21. Rc3 Nh7 22. Qd1 Rd8 23. Ba3 c6 24. Nb6 Qe7 25. Qd2 0-0 26. Rd3 Rfe8 27. Rd1 g6 28. fxg6 fxg6 29. Rxd6 Rxd6 30. Qxd6 Qf7 31. Rf1 Qe6 32. Qxe6+ Rxe6 33. Rd1 Re8 34. Rd7 Rb8 35. b5 cxb5 36. Bd6 Re8 37. cxb5 axb5 38. Rxb7 Nf8 39. a6 Ne6 40. a7 1-0

[Event "Zuerich op-B 26th"]
[Site "Zuerich"]
[Date "2002.??.??"]
[Round "2"]
[White "Nuri, Kambez"]
[Black "Zenkic, Mensur"]
[Result "1/2-1/2"]
[WhiteElo "1845"]
[BlackElo "2015"]
[PlyCount "105"]
[EventDate "2002.12.26"]
[EventType "swiss"]
[EventRounds "7"]
[EventCountry "SUI"]
[SourceTitle "EXT 2019"]
[Source "ChessBase"]
[SourceDate "2018.10.10"]
[SourceVersion "1"]
[SourceVersionDate "2018.10.10"]
[SourceQuality "1"]

1. e4 e5 2. Nf3 Nc6 3. Bc4 h6 4. d3 Nf6 5. h3 Bc5 6. 0-0 d6 7. Nc3 a6 8. a3 0-0 9. Ne2 Be6 10. Bxe6 fxe6 11. Ng3 Qe8 12. c3 Qg6 13. Kh2 b5 14. Qe2 Rae8 15. Be3 Bb6 16. Bxb6 cxb6 17. Rac1 Nd7 18. Nh4 Qg5 19. Nf3 Qf4 20. Kg1 Nc5 21. b4 Na4 22. c4 Nd4 23. Nxd4 exd4 24. cxb5 axb5 25. Qc2 Rc8 26. Qxc8 Rxc8 27. Rxc8+ Kh7 28. Rc2 Qf7 29. Rfc1 Nc3 30. Ne2 Nxe2+ 31. Rxe2 e5 32. Rb2 d5 33. exd5 Qxd5 34. Rc7 e4 35. Rd2 Qg5 36. Rcc2 e3 37. Re2 exf2+ 38. Rxf2 Qe3 39. Rcd2 Qe1+ 40. Kh2 Qa1 41. Ra2 Qc3 42. Rfd2 h5 43. Kg3 Qc7+ 44. Kf3 g5 45. Kf2 Qf4+ 46. Kg1 Qe3+ 47. Kh2 g4 48. hxg4 hxg4 49. g3 Kg6 50. Rac2 Qh6+ 51. Kg1 Qe3+ 52. Kh2 Qh6+ 53. Kg1 1/2-1/2

[Event "Zuerich op-B 26th"]
[Site "Zuerich"]
[Date "2002.??.??"]
[Round "1"]
[White "Zenkic, Mensur"]
[Black "Weilenmann, Daniel"]
[Result "1-0"]
[WhiteElo "2015"]
[BlackElo "1746"]
[PlyCount "59"]
[EventDate "2002.12.26"]
[EventType "swiss"]
[EventRounds "7"]
[EventCountry "SUI"]
[SourceTitle "EXT 2019"]
[Source "ChessBase"]
[SourceDate "2018.10.10"]
[SourceVersion "1"]
[SourceVersionDate "2018.10.10"]
[SourceQuality "1"]

1. g4 d5 2. Bg2 Bxg4 3. c4 Nf6 4. Qb3 Nbd7 5. cxd5 e6 6. f3 Bh5 7. dxe6 fxe6 8. Qxe6+ Be7 9. d4 Bf7 10. Qf5 Bg6 11. Qb5 c6 12. Qb3 Bf7 13. Qd1 Nd5 14. e4 Bh4+ 15. Kf1 N5f6 16. Ne2 0-0 17. Nbc3 Bc4 18. Kg1 Nh5 19. Be3 Rf6 20. f4 Qc7 21. e5 Rg6 22. f5 Rxg2+ 23. Kxg2 Nxe5 24. dxe5 Qxe5 25. Qd4 Bd5+ 26. Nxd5 Qxd5+ 27. Qxd5+ cxd5 28. Rad1 Re8 29. Kf3 Rd8 30. Kg4 1-0